Everyday Spanish Vocab Quiz Stats

 Plays Quiz not verified by Sporcle

Also try: Ends in 'RM'
Challenge
Share
Tweet
Embed
Score 0/142 Timer 15:00
0 Plays Today
Ingles Espanol % Correct
to scrubfregar
42.7%
to pushempujar
36%
well donebien hecho
33.3%
follow mesigueme
30.7%
carpetla alfombra
29.3%
pound (weight)la libra
28%
excuse medisculpe
28%
sink (bathroom)el lavabo
26.7%
cheekla mejilla
26.7%
mooseel alce
26.7%
to swallowtragar
26.7%
to catch up with, to acheivealcanzar
26.7%
sheepla oveja
26.7%
press, mediala prensa
25.3%
we love each othernos queremos
25.3%
on top ofencima de
25.3%
las cascadaslas cataratas
24%
rainbowel arco iris
24%
sinceya que
24%
to envyenvidiar
24%
to delayretrasar
24%
baconel tocino
22.7%
stick (tree)el palo
22.7%
naughty, mischievoustravieso
22.7%
toilet (2)el inodoro, el vater
22.7%
I broke my wristMe rompio la muneca
22.7%
shrimp (plural)los camarones
22.7%
chinla barbilla
22.7%
to blame someoneculpar a alguien
22.7%
to eat a snackmerendar
22.7%
go aheadadelante
22.7%
well-mannered educado
22.7%
to suck up, to absorb, to sipsorber
21.3%
nail clipperel cortaunas
21.3%
did you farthiciste un pedo
21.3%
thunder and lightningel estruendo y el relampago
21.3%
As I was saying, anywayDecia
21.3%
mushroom shouldn't be orangelos champinones no deben ser anaranjados
21.3%
trivial, pettynimio
21.3%
multiply yourself by zeromultiplicate por cero
21.3%
beefla carne de res
21.3%
sailboatel velero
21.3%
What did you say?Como has dicho
21.3%
mindel seso
21.3%
entityla ente
21.3%
to squeezeexprimir
21.3%
to clear upaclarar
21.3%
hummingbirdel colibri
21.3%
Ingles Espanol % Correct
averagepromedio
21.3%
foolishinsensato
21.3%
to scratchrasgunar
21.3%
spare, remainingsobrante
21.3%
It'll be alright.Saldra bien
21.3%
Who's calling? (oh phone)De parte de quien
21.3%
to be fitestar en forma
21.3%
breath outespiro
21.3%
to depriveprivar
21.3%
for a change of phasepara variar la fase
21.3%
crime, offenseel delito
21.3%
racoonel mapache
20%
strainer (kitchen)la coladera
20%
lizardla lagartija
20%
underwear (plural)los calzones
20%
How should I put it?Como dijera yo
20%
the goose ate the wormel ganso comio el gusano
20%
I hope you get struck by lightning!Que te partes un rayo
20%
don't bug meno me fregues
20%
to wander aroundrolar
20%
to solve the problemsolucionar el problema
20%
department storeel almacen
20%
Hey! Wait a minute! Digo Digo
20%
Can we cook steak using the bonfire, campfirePodemos cocinar el bistec usando el fogon
20%
scale (weight)la bascula
20%
i don't want to be temptedno quiero estar tentado
20%
Go throw yourself in a hole! Tirate a un pozo!
20%
Put the dresser in our pick-up truckpon la comoda en nuestra camioneta
20%
Mass always captivates me.Siempre me arrebata la misa
20%
public opinionel que diran
20%
straightforward personuna persona recta
20%
can openerel abrelatas
20%
reason el motivo
20%
to call, to namedenominar
20%
by, by way ofmediante
20%
at your disposal, at your fingertipsa su alcance
20%
procedureel procedimiento
20%
as well asasi como
20%
such astales como
20%
guidelineslos directrices
20%
to exploit someoneexprimir a alguien
20%
injuryla lision
20%
althougha pesar de que
20%
to confusedespistar
20%
abnormalanomalo
20%
blurredborroso
20%
issue datela fecha de expedicion
20%
insteaden su lugar
20%
Ingles Espanol % Correct
wash board absla tableta de chocolate
20%
you drive me crazyme vuelves loco
20%
to weight trainhacer pesas
20%
circuit weightslas pesas del circuito
20%
board of educationla junta de la educacion
20%
that can't be rightdebe hacer un error
20%
it doesn't make a differenceno cambia nada
20%
to make an appointmenthacer un apunte
20%
breath ininspiro
20%
to produce, to make, to developelaborar
20%
I can't afford it.es superior a mis recursos
20%
to gaze at, to considercontemplar
20%
to guarenteeavalar
20%
Almight GodEl Todopoderoso
20%
I guess so...me imagino que si
20%
I want you to have a good workoutquiero que tengas un buen entrenamiento
20%
warm-upel calentamiento
20%
pull backecharse atras
20%
obligation, promiseel compromiso
20%
to make fun of someoneburlarse de alguien
20%
what's it all about?de que se trata
20%
I'm not taking any chancesno voy a correr ningun riesgo
20%
it's not clearno queda claro
20%
bookcaseel estante
18.7%
bowlel plato hundo
18.7%
I can't stand him!No lo trago!
18.7%
ladybugs have spotslas mariquitas tienen lunares
18.7%
crampel calambre
18.7%
for that purposeque a tal fin
18.7%
to damageperjudicar
18.7%
to watch over (2)velar, vigilar
18.7%
I'm bad at mathse me dan mal las matematicas
18.7%
to have a budgettener un presupuesto limitado
18.7%
wide opende par en par
18.7%
mundane (2)prosaico, rutinario
17.3%
mixer (kitchen)la batidora
17.3%
the day fades into night for the sunsetel dia merma en noche para el ocaso
17.3%
to keep track ofregistrar
17.3%
language barrierla barerra linguistica
17.3%
Would you be so kind as toseria tan amable de que
17.3%
none of your businessno es cosa tuya
17.3%
a good deed is the best prayeruna buena accion es la mejor oracion
17.3%
body compositionla complexion
17.3%
raise the resistencesube la resistencia
17.3%
frying panla sarten
16%
to study, to take a classcursar
14.7%

You're not logged in!

Compare scores with friends on all Sporcle quizzes.
Join for Free
OR
Log In

You Might Also Like...

Show Comments

Extras

Top Quizzes Today


Score Distribution

Your Account Isn't Verified!

In order to create a playlist on Sporcle, you need to verify the email address you used during registration. Go to your Sporcle Settings to finish the process.

Report this User

Report this user for behavior that violates our Community Guidelines.

Details: